LEADER 01343nam2-2200409---450- 001 990003128770203316 005 20080926115631.0 010 $a978-3-540-78916-1 035 $a000312877 035 $aUSA01000312877 035 $a(ALEPH)000312877USA01 035 $a000312877 100 $a20080715d2008----km-y0itay50------ba 101 $aeng 102 $aDE 105 $aa---||||001yy 200 1 $aFormal methods and testing$ean outcome of the FORTEST Network$erevised selected papers$fRobert M. Hierons, Jonathan P. Bowen, Mark Harman (eds.) 210 $aBerlin [etc.]$cSpringer$dcopyr. 2008 215 $aXI, 366 p.$cill.$d24 cm 225 2 $aLecture notes in computer science$v4949 410 0$12001$aLecture notes in computer science 461 1$1001000314960$12001$aLecture notes in computer science 606 0 $aInformatica$xCongressi 676 $a004 702 1$aHIERONS,$bRobert M. 702 1$aBOWEN,$bJonathan P. 702 1$aHARMAN,$bMark 710 12$aFortest Network$f<2008>.$0601787 801 0$aIT$bsalbc$gISBD 912 $a990003128770203316 951 $a001 LNCS 4949$b36747/CBS$c001$d00217350 959 $aBK 969 $aSCI 979 $aCBAS$b10$c20080715$lUSA01$h1700 979 $aANGELA$b90$c20080926$lUSA01$h1156 996 $aFormal methods and testing$91017119 997 $aUNISA LEADER 01669nam0 22003853i 450 001 VAN0263388 005 20231129120830.353 017 70$2N$a9783540388692 100 $a20230918d1984 |0itac50 ba 101 $aeng 102 $aDE 105 $a|||| ||||| 200 1 $aOrienting Polymers$eProceedings of a Workshop held at the IMA, University of Minnesota, Minneapolis March 21-26, 1983$fedited by J.-L. Ericksen 210 $aBerlin$cSpringer$d1984 215 $ax, 170 p.$d24 cm 461 1$1001VAN0102250$12001 $aLecture notes in mathematics$1210 $aBerlin [etc.]$cSpringer$v1063 606 $a76-XX$xFluid mechanics [MSC 2020]$3VANC019858$2MF 606 $a00Bxx$xConference proceedings and collections of articles [MSC 2020]$3VANC021742$2MF 606 $a74-XX$xMechanics of deformable solids [MSC 2020]$3VANC022466$2MF 610 $aDevelopment$9KW:K 610 $aDiffusion$9KW:K 610 $aLiquid Crystals$9KW:K 610 $aMechanics$9KW:K 610 $aPolymers$9KW:K 620 $dBerlin$3VANL000066 702 1$aEricksen$bJerald L.$3VANV045026 712 $aSpringer $3VANV108073$4650 801 $aIT$bSOL$c20240614$gRICA 856 4 $uhttps://doi.org/10.1007/BFb0072148$zE-book ? Accesso al full-text attraverso riconoscimento IP di Ateneo, proxy e/o Shibboleth 899 $aBIBLIOTECA DEL DIPARTIMENTO DI MATEMATICA E FISICA$1IT-CE0120$2VAN08 912 $fN 912 $aVAN0263388 950 $aBIBLIOTECA DEL DIPARTIMENTO DI MATEMATICA E FISICA$d08CONS e-book 6641 $e08eMF6641 20230927 996 $aOrienting polymers$979822 997 $aUNICAMPANIA